Score 0/7 Timer 01:30
0 Plays Today
Year Title % Correct
1982The Running Man
75.7%
1984Thinner
73.1%
1979The Long Walk
69.7%
1977Rage
65.3%
1996The Regulators
52.8%
1981Roadwork
49.2%
2007Blaze
46.3%
Remove Ads.
Support Sporcle.
Get the best of Sporcle when you Go Orange. This ad-free experience offers more features, more stats, and more fun while also helping to support Sporcle. Thank you for becoming a member.

You're not logged in!

Compare scores with friends on all Sporcle quizzes.
OR
Log In

Show Comments

Extras

Top Quizzes Today


Score Distribution

Your Account Isn't Verified!

In order to create a playlist on Sporcle, you need to verify the email address you used during registration. Go to your Sporcle Settings to finish the process.

Report this User

Report this user for behavior that violates our Community Guidelines.

Details: